Skupiny poistných zmlúv a metódy ich oceňovania v štandarde IFRS 17
Základné zmeny a inovácie, ktoré prináša nový štandard IFRS 17 do oblasti životného poistenia, predovšetkým v popise, identifikácii a následnej segmentácii poistných zmlúv životného poistenia. Popis základných prvkov štandardu IFRS 17 a identifikácia poistnej zmluvy. Portfólio poistných zmlúv a skup...
Na minha lista:
| Autor principal: | |
|---|---|
| Outros Autores: | |
| Formato: | Capítulo de Livro |
| Idioma: | eslovaco |
| Assuntos: | |
| Tags: |
Sem tags, seja o primeiro a adicionar uma tag!
|
MARC
| LEADER | 00000naa$a2200000$$$4500 | ||
|---|---|---|---|
| 001 | 0280815 | ||
| 005 | 20240502074348.4 | ||
| 041 | 0 | |a slo | |
| 044 | |a SK | ||
| 245 | 1 | 0 | |a Skupiny poistných zmlúv a metódy ich oceňovania v štandarde IFRS 17 |c Katarína Sakálová, Mária Kamenárová |
| 520 | |a Základné zmeny a inovácie, ktoré prináša nový štandard IFRS 17 do oblasti životného poistenia, predovšetkým v popise, identifikácii a následnej segmentácii poistných zmlúv životného poistenia. Popis základných prvkov štandardu IFRS 17 a identifikácia poistnej zmluvy. Portfólio poistných zmlúv a skupina poistných zmlúv. Definovanie plniacich peňažných tokov pre skupinu zmlúv. Metódy oceňovania poistných zmlúv podľa IFRS 17. | ||
| 610 | 2 | 0 | |a poisťovníctvo |
| 610 | 2 | 0 | |a aktuári |
| 610 | 2 | 0 | |a poistenie životné |
| 610 | 2 | 0 | |a výkazníctvo finančné |
| 610 | 2 | 0 | |a IFRS |
| 610 | 2 | 0 | |a štandardy účtovné medzinárodné |
| 610 | 2 | 0 | |a zmluvy poistné |
| 610 | 2 | 0 | |a segmentácia |
| 610 | 2 | 0 | |a oceňovanie |
| 100 | 1 | |a Sakálová, Katarína, 1955- | |
| 700 | 1 | |a Kamenárová, Mária | |